Production and operations analysis

Bibliographic Details
Main Author: Nahmias, Steven
Format: Book
Language:English
Published: Boston : McGraw-Hill , 2009
Edition:6th ed.
Subjects:

MARC

LEADER 00000cam a2200000 7i4500
001 0000024416
005 20120516.0
008 120509s nyud eng
020 |a 9780071263702 ,   |c RM111.00 
040 |a INS 
090 0 0 |a TS155   |b N35 2009 
100 1 |a Nahmias, Steven 
245 1 0 |a Production and operations analysis   |c Steven Nahmias 
250 |a 6th ed. 
260 |a Boston :   |b McGraw-Hill ,   |c 2009 
300 |a xxvi,789p. :   |b ill ;   |c 25cm. 
500 |a Includes index 
504 |a Bibliography : 753p. 
650 0 |a Production management 
999 |a 1000000885   |b BOOK   |c Open Shelf   |e Default branch